| 000 | 00000nam##2200000za#4500 |
| 001 | 9.697436 |
| 003 | CaOODSP |
| 005 | 20250506145324 |
| 007 | cr ||||||||||| |
| 008 | 150407|1987||||xxc|||||o f|0| 0 eng|d |
| 040 | |aCaOODSP|beng |
| 043 | |an-cn--- |
| 086 | 1 |aA15-5228/1987E-PDF |
| 110 | 1 |aCanada.|bAgriculture Canada. |
| 245 | 13|aAn editorial guide to eliminating sexual stereotyping in communications |h[electronic resource] |
| 246 | 10|aEliminating sexual stereotyping in communications |
| 260 | |aOttawa - Ontario : |bAgriculture Canada |c1987. |
| 300 | |a10p.|breferences |
| 500 | |aHistorical publication digitized by Agriculture and Agri-Food Canada. |
| 590 | |a13-17-Supp|b2013-07-25 |
| 690 | 07|aStyle manuals|2gcpds |
| 690 | 07|aWriting|2gcpds |
| 775 | 08|tGuide pour éliminer des communications les stéréotypes à l'égard des sexes |w(CaOODSP)9.642253 |
| 856 | 40|ahttp://publications.gc.ca|qPDF|s592 KB|uhttps://publications.gc.ca/collections/collection_2013/aac-aafc/agrhist/A15-5228-1987-eng.pdf |
| 986 | |a5228/B |